Das Problem der Kirchengliedschaft heute /

Bibliographic Details
Other Authors: Meinhold, Peter, 1907-
Format: Book
Language:German
Published: Darmstadt : Wissenschaftliche Buchgesellschaft, 1979.
Series:Wege der Forschung ; Bd. 524.
Subjects:

MARC

Tag First Indicator Second Indicator Subfields
LEADER 00000cam a2200000 i 4500
001 in00000682913
005 20151015160933.0
008 800709s1979 gw b 10000 ger
010 |a  80485395  
015 |a GFR79-A 
020 |a 3534075056 :  |c DM90.00 
035 |a (OCoLC)06281412 
035 |9 ACZ3288AM 
040 |a DLC  |c DLC  |d TXA  |d UtOrBLW 
049 |a TXAM  |c [931812] 
050 0 0 |a BV820  |b .P74 
245 0 4 |a Das Problem der Kirchengliedschaft heute /  |c hrsg. von Peter Meinhold. 
264 1 |a Darmstadt :  |b Wissenschaftliche Buchgesellschaft,  |c 1979. 
300 |a vii, 442 pages ;  |c 20 cm. 
336 |a text  |b txt  |2 rdacontent 
337 |a unmediated  |b n  |2 rdamedia 
338 |a volume  |b nc  |2 rdacarrier 
490 1 |a Wege der Forschung,  |v Bd. 524 
500 |a Includes five papers presented at a meeting of the Academie des Sciences Religieuses, Brussels, 1976. 
504 |a Bibliography: pages [435]-442. 
650 0 |a Baptism and church membership  |x Congresses. 
700 1 |a Meinhold, Peter,  |d 1907- 
830 0 |a Wege der Forschung ;  |v Bd. 524. 
999 |a MARS 
999 f f |s 8b43c583-1ce7-397e-8de1-3a1df73e0a6b  |i c049f7e7-85b0-3b45-be73-d91a7f396226  |t 0 
952 f f |p ric  |a Texas A&M University  |b Rellis Campus  |c Joint Library Facility  |d Remote Storage  |t 0  |e BV820 .P74  |h Library of Congress classification  |i unmediated -- volume  |m A14801799405 
998 f f |a BV820 .P74  |t 0  |l Remote Storage